Noticia sobre el estado actual de la economía política en España y sobre los trabajos de D. Ramón de la Sagra / (Record no. 167630)

MARC details
000 -LEADER
campo de control de longitud fija 01053nam a2200229 i 4500
001 - NÚMERO DE CONTROL
campo de control 167630
003 - IDENTIFICADOR DE NÚMERO DE CONTROL
campo de control ES-MaACL
005 - FECHA Y HORA DE LA ÚLTIMA TRANSACCIÓN
campo de control 20231221204420.0
008 - DATOS DE LONGITUD FIJA--INFORMACIÓN GENERAL
campo de control de longitud fija 931025s1844 sp |||| | spa d
080 ## - NÚMERO DE LA CLASIFICACIÓN DECIMAL UNIVERSAL
Número de la Clasificación Decimal Universal 33(460)"16/18"
080 ## - NÚMERO DE LA CLASIFICACIÓN DECIMAL UNIVERSAL
Número de la Clasificación Decimal Universal 33 Sagra, Ramón de la
100 1# - ENTRADA PRINCIPAL--NOMBRE DE PERSONA
Nombre de persona Villeneueve Bargemont, Alban de.
9 (RLIN) 133765
245 10 - MENCIÓN DEL TÍTULO
Título Noticia sobre el estado actual de la economía política en España y sobre los trabajos de D. Ramón de la Sagra /
Mención de responsabilidad, etc. escrita en francés por el Vizconde Alban de Villeneueve Bargemont ; traducida al castellano con notas y observaciones.
260 ## - PUBLICACIÓN, DISTRIBUCIÓN, ETC.
Lugar de publicación, distribución, etc. Madrid :
Nombre del editor, distribuidor, etc. [s.n.],
Fecha de publicación, distribución, etc. 1844 (
Fabricante Imp. del Colegio Nacional de Sordo-Mudos)
300 ## - DESCRIPCIÓN FÍSICA
Extensión 38 p. ;
Dimensiones 21 cm.
530 ## - NOTA DISPONIBLE DE FORMULARIO FÍSICO ADICIONAL
Nota de formato físico adicional disponible Disponible en formato digital.
600 14 - PUNTO DE ACCESO ADICIONAL DE MATERIA--NOMBRE DE PERSONA
Nombre de persona La Sagra, Ramón de,
Fechas asociadas al nombre 1798-1871
9 (RLIN) 101445
650 #4 - PUNTO DE ACCESO ADICIONAL DE MATERIA--TÉRMINO DE MATERIA
Término de materia o nombre geográfico como elemento de entrada Economía-
Subdivisión geográfica España-
Subdivisión de forma Historia.
9 (RLIN) 12010
852 4# - LOCALIZACIÓN
Ubicación ES-MaACL
Número de control de estantería T-21-F-9
Nota libre - Enc. hol.
-- - Enc. en un vol. facticio
856 4# - LOCALIZACIÓN Y ACCESO ELECTRÓNICOS
Identificador Uniforme de Recursos <a href="http://bdh-rd.bne.es/viewer.vm?id=0000124790&page=1 ">http://bdh-rd.bne.es/viewer.vm?id=0000124790&page=1 </a>
Nota pública Biblioteca Digital Hispánica
Holdings
Estatus retirado Estado de pérdida Estado de daño No para préstamo Colección Biblioteca de origen Biblioteca actual Ubicación en estantería Fecha de adquisición Total de préstamos Signatura topográfica completa Código de barras Visto por última vez Precio de reemplazo Tipo de ítem Koha
        Colección de folletos Biblioteca del Ateneo de Madrid Biblioteca del Ateneo de Madrid Depósito folletos 17/01/2008   T-21-F-9 1175864 23/02/2023 23/02/2023 Folleto